[Event "PRVA LIGA  CENTRALNE SRBIJE"]
[Site "Vrnjacka Banja"]
[Date "2012.10.02"]
[Round "5"]
[White "Mista Aleksandar"]
[Black "Marinkovic Slavisa"]
[Result "1-0"]
[WhiteElo "2543"]
[BlackElo "2398"]
[PlyCount "81"]
[EventDate "2012.??.??"]

1. e4 e6 2. d4 d5 3. Nd2 Nf6 4. e5 Nfd7 5. Bd3 c5 6. c3 Nc6 7. Ne2 cxd4 8. cxd4
f6 9. exf6 Nxf6 10. O-O Bd6 11. Nf3 O-O 12. Bf4 Bxf4 13. Nxf4 Ne4 14. g3 Qf6
15. h4 h6 16. Bxe4 dxe4 17. Ne5 Rd8 18. Nxc6 bxc6 19. Qa4 Qxd4 20. Qxc6 Bd7 21.
Qc2 Rac8 22. Qe2 Qe5 23. Rfe1 Bc6 24. Rac1 Bd5 25. b3 Rc7 26. Rxc7 Qxc7 27. Rd1
Qe5 28. Qe3 Rd7 29. Rc1 Rc7 30. Ng6 Rxc1+ 31. Qxc1 Qb8 32. Qc5 e3 33. Qxe3 Qc7
34. Nf4 Qc2 35. Nxd5 Qd1+ 36. Kg2 exd5 37. Qxa7 d4 38. Qa8+ Kh7 39. Qe4+ Kh8
40. g4 d3 41. g5 1-0

[Event "PRVA LIGA  CENTRALNE SRBIJE"]
[Site "Vrnjacka Banja"]
[Date "2012.10.02"]
[Round "5"]
[White "Nestorovic Nikola"]
[Black "Begus Drasko"]
[Result "1/2-1/2"]
[WhiteElo "2430"]
[BlackElo "2314"]
[PlyCount "111"]
[EventDate "2012.??.??"]

1. e4 c5 2. Nf3 Nc6 3. d4 cxd4 4. Nxd4 e5 5. Nb5 d6 6. c4 Be7 7. N1c3 a6 8. Na3
f5 9. exf5 Bxf5 10. Bd3 Be6 11. Nc2 Nf6 12. O-O O-O 13. Bg5 Rc8 14. Qe2 Bg4 15.
Qd2 Qd7 16. Bxf6 Bxf6 17. Be4 Kh8 18. Qd3 g6 19. Nd5 Bd8 20. h3 Be6 21. Rad1 b5
22. cxb5 axb5 23. b3 Ne7 24. Nxe7 Bxe7 25. Nb4 Rc5 26. Na6 Rcc8 27. Nb4 Rc5 28.
Qe3 Rcc8 29. Nd5 Bxd5 30. Rxd5 b4 31. Qd2 Qa7 32. Rd3 Kg7 33. g3 Qa5 34. Kg2
Rc3 35. Rd5 Qb6 36. h4 Rc5 37. h5 gxh5 38. Qe3 Qc7 39. Rd3 Rc3 40. Qe2 Rxd3 41.
Qxd3 h6 42. Qe2 h4 43. Qg4+ Kh8 44. Qg6 Bg5 45. Rd1 hxg3 46. fxg3 Rf6 47. Qe8+
Kg7 48. Rf1 Rxf1 49. Kxf1 Qf7+ 50. Qxf7+ Kxf7 51. Bd5+ Ke7 52. g4 Be3 53. Ke2
Bc5 54. Kf3 Kf6 55. Ke4 Kg5 56. Be6 1/2-1/2

[Event "PRVA LIGA  CENTRALNE SRBIJE"]
[Site "Vrnjacka Banja"]
[Date "2012.10.02"]
[Round "5"]
[White "Ignjatovic Predrag"]
[Black "Todorovic Jovan"]
[Result "0-1"]
[WhiteElo "2294"]
[BlackElo "2427"]
[PlyCount "63"]
[EventDate "2012.??.??"]

1. e4 c5 2. c3 e6 3. d4 d5 4. exd5 exd5 5. Be3 c4 6. b3 cxb3 7. axb3 Nc6 8. Bd3
Bd6 9. Qf3 Nf6 10. h3 O-O 11. Ne2 Ne4 12. Bxe4 dxe4 13. Qxe4 Kh8 14. Qf3 f5 15.
Bf4 Bxf4 16. Nxf4 Re8+ 17. Kf1 Be6 18. Nxe6 Rxe6 19. g3 f4 20. g4 Ne7 21. Nd2
Ng6 22. d5 Re5 23. c4 Qf6 24. Rd1 Rae8 25. g5 Qxg5 26. Qg4 Qe7 27. Nf3 Re2 28.
Nd4 Re1+ 29. Kg2 Qe4+ 30. Nf3 Rxh1 31. Kxh1 Ne5 32. Kg2 0-1

[Event "PRVA LIGA  CENTRALNE SRBIJE"]
[Site "Vrnjacka Banja"]
[Date "2012.10.02"]
[Round "5"]
[White "Nestorovic Lazar"]
[Black "Ljubinkovic Miodrag"]
[Result "1-0"]
[WhiteElo "2384"]
[BlackElo "2276"]
[PlyCount "75"]
[EventDate "2012.??.??"]

1. e4 c6 2. d4 d5 3. exd5 cxd5 4. c4 Nf6 5. Nc3 g6 6. Qb3 Bg7 7. cxd5 O-O 8.
Nge2 Nbd7 9. g3 Nb6 10. Bg2 Ne8 11. O-O Nd6 12. Bf4 Nbc4 13. Qc2 Bf5 14. Qc1
Rc8 15. b3 Nb6 16. Qd2 a6 17. h3 h5 18. Be5 Qd7 19. Bxg7 Kxg7 20. Nf4 Rc7 21.
f3 Rfc8 22. Nce2 Qd8 23. g4 hxg4 24. fxg4 Be4 25. Qe3 Bxg2 26. Kxg2 Qh8 27. Rf2
Kg8 28. Raf1 Qg7 29. Ng3 Rd8 30. Ne4 Ne8 31. Ne6 fxe6 32. Rf8+ Qxf8 33. Rxf8+
Kxf8 34. Qh6+ Ng7 35. Qh8+ Kf7 36. Qxd8 Ne8 37. dxe6+ Kf8 38. Nc5 1-0